Secondary education ; principles and practices /

Bibliographic Details
Main Author: Engelhardt, Fred, 1885-1944
Other Authors: Overn, Alfred Victor, 1893-
Format: Book
Language:English
Published: New York, London : Appleton-Century, [1937]
Subjects:

MARC

Tag First Indicator Second Indicator Subfields
LEADER 00000cam a2200000 4500
001 in00000054999
005 20151008052139.0
008 731130s1937 nyu b 00000 eng u
010 |a  37005091  
035 |a (OCoLC)00752519 
035 |9 AAH1918AM 
040 |c CSU  |d TXA  |d UtOrBLW 
049 |a TXAM  |c [68925] 
050 0 |a LA222  |b .E6 
092 |a 373.73  |b E57s 
100 1 |a Engelhardt, Fred,  |d 1885-1944. 
245 1 0 |a Secondary education ;  |b principles and practices /  |c by Fred Engelhardt and Alfred Victor Overn. 
264 1 |a New York,  |a London :  |b Appleton-Century,  |c [1937] 
300 |a xvi, 623p :  |b illustrations ;  |c 20cm. 
336 |a text  |b txt  |2 rdacontent 
337 |a unmediated  |b n  |2 rdamedia 
338 |a volume  |b nc  |2 rdacarrier 
650 0 |a Education, Secondary. 
650 0 |a Education  |z United States  |x History. 
650 0 |a Education  |x Curricula. 
700 1 |a Overn, Alfred Victor,  |d 1893- 
999 |a MARS 
999 f f |s e83f09b4-9930-3886-af58-f96274324e64  |i 4cd05769-3d0c-3dfe-9c1e-4874bbb86a59  |t 0 
952 f f |p normal  |a Texas A&M University  |b College Station  |c Sterling C. Evans Library  |d Evans: Library Stacks  |t 0  |e LA222 .E6  |h Library of Congress classification  |i unmediated -- volume  |m A14800856288 
998 f f |a LA222 .E6  |t 0  |l Evans: Library Stacks